|
|
|
|
| LEADER |
01015nam a2200253 a 4500 |
| 001 |
28817 |
| 003 |
BD-DhAAL |
| 005 |
20150111110657.0 |
| 008 |
28817s1993 enk 000 1 eng d |
| 020 |
|
|
|a 0340592818
|
| 020 |
|
|
|a 0340597658
|
| 040 |
|
|
|a NNC
|c NNC
|d BD-DhAAL
|
| 050 |
|
4 |
|a PR6062.E33
|b N5 1993g
|
| 082 |
0 |
0 |
|2 20
|a 823/.0872
|
| 100 |
1 |
|
|a Le Carré, John,
|d 1931-
|9 7308
|
| 245 |
1 |
4 |
|a The night manager /
|c John le Carré.
|
| 260 |
|
|
|a London :
|b Hodder & Stoughton,
|c 1993.
|
| 300 |
|
|
|a 718 p. ;
|c 19 cm.
|
| 541 |
|
|
|e 28817
|
| 650 |
|
0 |
|a Spy stories.
|9 7309
|
| 942 |
|
|
|2 ddc
|c BK
|
| 999 |
|
|
|c 33448
|d 33448
|
| 952 |
|
|
|0 0
|1 0
|2 ddc
|4 0
|6 823_087200000000000_CAR
|7 0
|9 44709
|a BRACUL
|b BRACUL
|c GEN
|d 2015-01-11
|e BRAC Institute of Language (BIL)
|l 3
|m 11
|o 823.0872 CAR
|p 3010028817
|r 2026-04-19
|s 2026-04-11
|t 1
|w 2015-01-11
|y BK
|x Transferred from BIL to BRACUL on 06/06/22
|
| 952 |
|
|
|0 0
|1 0
|2 ddc
|4 0
|6 823_087200000000000_CAR
|7 0
|9 54676
|a SCL
|b SCL
|c GEN
|d 2015-07-04
|l 5
|m 15
|o 823.0872 CAR
|p 3020007775
|r 2023-02-12
|s 2023-02-05
|t 2
|w 2015-07-04
|y BK
|